10 to 1 Fantasy Literature Sorting Gallery Quiz Stats

 Plays Quiz not verified by Sporcle

Score 0/55 Timer 07:00
0 Plays Today
% Correct
Gondor
77.4%
Fangorn
76.4%
Isengard
75.4%
Deadhouse Gates
72.4%
The Crippled God
72.2%
Lothlorien
69.6%
Gardens of the Moon
69.2%
Eriador
68.3%
The Bonehunters
67.9%
Crossroads of Twilight
67.1%
Bree
66.9%
Memories of Ice
64.9%
A Memory of Light
64.1%
Dust of Dreams
63.9%
Rohan
63.5%
The Fires of Heaven
61.3%
The Dragon Reborn
60.3%
Towers of Midnight
58.3%
Midnight Tides
58.1%
House of Chains
58.1%
Toll the Hounds
57.5%
Grey Havens
56.2%
Knife of Dreams
55.2%
Arnor
54.4%
Lord of Chaos
53.6%
The Waste Lands
50.6%
Reaper's Gale
50.2%
Astarael
47.4%
% Correct
Winter’s Heart
46.2%
Belgaer
45.6%
Wolves of the Calla
45.6%
Kelsier
45.6%
Song of Susannah
45.4%
Farrow
43.5%
Kibeth
41.7%
Bearns
40.5%
Elend
39.3%
Dyrim
37.5%
Pantalaimon
34.5%
Vin
34.5%
Buck
34.3%
Rhyme
31.9%
Mosrael
31.3%
Reason
31.2%
Kaisa
30.2%
Shan
27.8%
Kirjava
27.8%
Zane
26.6%
Saraneth
25.6%
Shoaks
24.8%
Tilth
24%
Rippon
24%
Ranna
21.8%
Sophonax
18.8%
Paksenarrion
14.5%

You're not logged in!

Compare scores with friends on all Sporcle quizzes.
OR
Log In

Show Comments

Extras

Top Quizzes Today


Score Distribution

Your Account Isn't Verified!

In order to create a playlist on Sporcle, you need to verify the email address you used during registration. Go to your Sporcle Settings to finish the process.

Report this User

Report this user for behavior that violates our Community Guidelines.

Details: